000 02054aam a2200349 i 4500
001 768714001
003 CO-MdFUSB
005 20250711165936.0
007 ta
008 231023t2014 spa||||g |||| 00| 0 spa d
020 _a978-84-01-34345-2
040 _aCO-MdFUSB
_bspa
_cCO-MdFUSB
_dCO-MdFUSBC
_erda
041 _aspa
082 _223
_a863.64831
_bP171
100 _aPalma, Félix J,
_eautor
245 3 _aEl mapa del caos
_c/ Félix J. Palma
250 _aPrimera edición
264 1 _aBarcelona, España :
_bPlaza y Janés,
_c[2014]
264 4 _c©2014
300 _a665 páginas
_c; 24 cm
336 _2rdacontent
_atexto
_btxt
337 _2rdamedia
_asin mediación
_bn
338 _2rdacarrier
_avolumen
_bnc
520 _a¿Y si la muerte pudiera deshacerse? Cuando muere la mujer a quien ama, el protagonista de esta historia hará todo lo posible para hablar con ella por última vez. En el Londres victoriano, en pleno apogeo del espiritismo, una sesión con el mejor médium de la historia se presenta como la única solución, pero en ella se desencadenarán terribles y desconocidas fuerzas. El mundo entero está en peligro, y su salvación reside en un misterioso libro titulado El mapa del caos. Si nuestro protagonista no lo encuentra, jamás podrá llegar hasta su amada, pues incluso el Más Allá dejará de existir. Para ello contará con la inestimable ayuda de Arthur Conan Doyle, el padre de Sherlock Holmes; de Lewis Carroll, el autor de Alicia en el País de las Maravillas, y, por supuesto, de H.G. Wells, cuyo hombre invisible tal vez haya escapado de las páginas de su famosa novela para sembrar el caos. Solo ellos pueden descubrir la forma de salvar el mundo; solo ellos pueden encontrar el camino para reunir a los amantes separados por la muerte... El camino a través de los espejos.
563 _aPasta dura.
650 7 _aLiteratura española
_2embne
_97089
653 _aCiencia ficción española
653 _aSiglo XXI
653 _aLiteratura fantástica
942 _cBK
945 _asor1564
999 _c69195
_d69195